Wanderungen im Norden /

Bibliographic Details
Main Author: Andersch, Alfred, 1914-1980
Format: Book
Language:German
Published: Zürich] : Diogenes Verlag, [1984]
Series:Diogenes Taschenbuch ; 21164
Subjects:

MARC

Tag First Indicator Second Indicator Subfields
LEADER 00000cam a2200000 4500
001 in00003469737
005 20151206104655.0
008 750807s1984 sz |||||||ger u
035 |a (OCoLC)ocm01521561 
040 |c YUS  |d m.c.  |d TNY  |d UtOrBLW 
090 |a DL11  |b .A8 1984 
100 1 |a Andersch, Alfred,  |d 1914-1980. 
245 1 0 |a Wanderungen im Norden /  |c [von] Alfred Andersch; mit 32 Farbtafeln nach Aufnahmen von Gisela Andersch. 
264 1 |a Zürich] :  |b Diogenes Verlag,  |c [1984] 
300 |a 191 pages, 1 unnumbered page :  |b color illustrations ;  |c 18 cm. 
336 |a text  |b txt  |2 rdacontent 
337 |a unmediated  |b n  |2 rdamedia 
338 |a volume  |b nc  |2 rdacarrier 
490 0 |a Diogenes Taschenbuch ;  |v 21164 
651 0 |a Sweden  |x Description and travel. 
651 0 |a Norway  |x Description and travel. 
999 |a MARS 
999 f f |s ab26bf49-8276-3ff7-bdf8-9a78cc48b90a  |i f46b399d-339e-3ae4-8355-074346a3c421  |t 0 
952 f f |p ric  |a Texas A&M University  |b Rellis Campus  |c Joint Library Facility  |d Remote Storage  |t 0  |e DL11 .A8 1984  |h Library of Congress classification  |i unmediated -- volume  |m 32060003907314 
998 f f |a DL11 .A8 1984  |t 0  |l Remote Storage